000 01220nam a2200325 i 4500
003 EG-GICUC
005 20260506124337.0
008 260506s1966 fr |||fr|||| 000 0 Fre d
040 _aEG-GiCUC
_bfre
_cEG-GiCUC
_dEG-GiCUC
_eRda
041 0 _afre
082 0 4 _a345.32311044
_bMA . É
_221
092 0 4 _221
099 _aLaw 07 345.32311044 MA . É 1966
100 1 _aMartin-Pannetier, Andrée.
_eAuteur
245 1 0 _aÉléments D'Analyse Comparative Des Établissements Publics En Droit Français Et En Droit Anglais :
_nTome LXIII /
_cPar Andrée Martin-Pannetier, Marcel Waline; Préface De Roland Drago.
264 1 _aParis :
_bLibrairie Generale De Droit Et De Jurisprudence,
_c1966.
300 _a360 Page :
_c 24 cm.
336 _2rda contenu
_a texte
337 _2rda medias
_aOrdinateur
338 _2 transporteur rda
_a Ressource en ligne
490 _aBibliothéque De Droit Public
504 _aBibliography: pages 345-353
546 _aTexte en français
650 1 _aDroit Administratif
_zFrance
700 1 _aDrago, Roland.
_ePréfacier
700 1 _aWaline, Marcel
_eCo-Auteur
856 4 0 _uhttps://fll.law.cu.edu.eg/fulltext/bks/B07-06244.pdf
905 _a64
942 _2ddc
_n0
_cBK
_e21
999 _c76000
_d76000